[Event "6.Città di  Padova Open A"]
[Site "Padova Fornace Carotta"]
[Date "2003.12.15"]
[Round "3.13"]
[White "Adami, Igor"]
[Black "Giordan, Daniele"]
[Result "0-1"]
[WhiteElo "1500"]
[BlackElo "1569"]
[Annotator "Gabriele Ballarin"]
[PlyCount "54"]
[EventDate "2003.12.13"]
[EventType "swiss"]
[EventRounds "9"]
[EventCountry "ITA"]

1. d4 d5 2. Nf3 Nf6 3. c4 c6 4. Nc3 Nbd7 5. Bg5 h6 6. Bc1 dxc4 7. e4 b5 8. a3 Nb6 9. Qc2 e6 10. Be2 Be7 11. O-O a6 12. h3 Bb7 13. Be3 Qc7 14. Rfd1 O-O 15. Rd2 c5 16. dxc5 Bxc5 17. Bxc5 Qxc5 18. Rad1 Qc7 19. Rd4 Rad8 20. e5 Rxd4 21. Rxd4 Nfd7 22. Qd2 Nxe5 23. Nxe5 Qxe5 24. Rd8 Qc7 25. Qd6 Qxd8 26. Qxd8 Rxd8 27. Kf1 Rd2 0-1

[Event "6.Città di  Padova Open A"]
[Site "Padova Fornace Carotta"]
[Date "2003.12.15"]
[Round "3.14"]
[White "Bonetto, Giorgio"]
[Black "Kircanski, Piergiorgio"]
[Result "1-0"]
[WhiteElo "1540"]
[BlackElo "1500"]
[Annotator "Gabriele Ballarin"]
[PlyCount "31"]
[EventDate "2003.12.13"]
[EventType "swiss"]
[EventRounds "9"]
[EventCountry "ITA"]

1. e4 c5 2. c3 d6 3. d4 cxd4 4. cxd4 Nf6 5. Nc3 e6 6. Nf3 Be7 7. Bd3 O-O 8. h4 Nc6 9. e5 dxe5 10. dxe5 Ng4 11. Bxh7+ Kxh7 12. Ng5+ Bxg5 13. hxg5+ Kg8 14. Qxg4 Nxe5 15. Qh5 Ng6 16. Qh7# 1-0

[Event "6.Città di  Padova Open A"]
[Site "Padova Fornace Carotta"]
[Date "2003.12.15"]
[Round "3.15"]
[White "Fragni, Enrico"]
[Black "Rizzo, Giuseppe"]
[Result "1-0"]
[WhiteElo "1447"]
[BlackElo "1503"]
[Annotator "Gabriele Ballarin"]
[PlyCount "105"]
[EventDate "2003.12.13"]
[EventType "swiss"]
[EventRounds "9"]
[EventCountry "ITA"]

1. c4 Nf6 2. Nc3 g6 3. Nf3 c5 4. e4 d6 5. h3 Bg7 6. Be2 Nc6 7. d3 O-O 8. Bg5 h6 9. Bh4 Nh7 10. Qd2 Qa5 11. O-O e6 12. Bg3 e5 13. Bh2 Be6 14. g4 Qd8 15. Kh1 Nd4 16. Bg3 f5 17. gxf5 gxf5 18. Nxd4 cxd4 19. Nd5 Bxd5 20. cxd5 f4 21. Bh2 f3 22. Bd1 Qh4 23. Rg1 Qxh3 24. Rg3 Qh5 25. Qe1 Ng5 26. Ba4 Rf7 27. Rc1 Raf8 28. Rc2 a6 29. Qc1 b5 30. Bb3 Kh7 31. Rc6 Rf4 32. Rc7 Rg4 33. Qg1 Rh4 34. Bd1 Kh8 35. Rd7 Rff4 36. Rd8+ Kh7 37. Rd7 Rxh2+ 38. Qxh2 Rh4 39. Qxh4 Qxh4+ 40. Kg1 Qf4 41. Kh2 h5 42. Kh1 h4 43. Rg1 Nf7 44. Rc7 Kh6 45. Re7 Ng5 46. Rd7 Bf8 47. Rd8 Kg6 48. Ra8 Kf6 49. Rxf8+ Nf7 50. Rgg8 Qc1 51. Rg1 Qxb2 52. Bxf3 Qxf2 53. Bh5 1-0

[Event "6.Città di  Padova Open A"]
[Site "Padova Fornace Carotta"]
[Date "2003.12.16"]
[Round "4.1"]
[White "Dervishi, Erald"]
[Black "Lazic, Miroljub"]
[Result "1-0"]
[WhiteElo "2495"]
[BlackElo "2479"]
[Annotator "Gabriele Ballarin"]
[PlyCount "77"]
[EventDate "2003.12.13"]
[EventType "swiss"]
[EventRounds "9"]
[EventCountry "ITA"]

1. e4 e5 2. Nf3 Nc6 3. Bb5 a6 4. Ba4 Nf6 5. O-O Be7 6. Re1 b5 7. Bb3 d6 8. c3 O-O 9. h3 Na5 10. Bc2 c5 11. d4 Qc7 12. Nbd2 cxd4 13. cxd4 Nc6 14. Nb3 a5 15. Be3 a4 16. Nbd2 Bd7 17. Rc1 Rac8 18. a3 Qb7 19. Qe2 Rfe8 20. Bd3 exd4 21. Nxd4 Nxd4 22. Bxd4 Rxc1 23. Rxc1 Rd8 24. Qd1 g6 25. b3 d5 26. bxa4 bxa4 27. exd5 Qxd5 28. Nf3 Ne4 29. Bc4 Qd6 30. Ne5 Be6 31. Qxa4 Rf8 32. Bxe6 Qxe6 33. Rc6 Qf5 34. Nd7 Bh4 35. Qc2 Rd8 36. Rc8 Qd5 37. Rxd8+ Bxd8 38. Qc8 Qg5 39. Nf6+ 1-0

[Event "6.Città di  Padova Open A"]
[Site "Padova Fornace Carotta"]
[Date "2003.12.16"]
[Round "4.2"]
[White "Manca, Federico"]
[Black "Laketic, Gojko"]
[Result "1/2-1/2"]
[WhiteElo "2363"]
[BlackElo "2399"]
[Annotator "Gabriele Ballarin"]
[PlyCount "36"]
[EventDate "2003.12.13"]
[EventType "swiss"]
[EventRounds "9"]
[EventCountry "ITA"]

1. e4 Nf6 2. e5 Nd5 3. d4 d6 4. Nf3 Bg4 5. Be2 e6 6. O-O Be7 7. c4 Nb6 8. Nc3 O-O 9. Be3 a5 10. exd6 cxd6 11. c5 dxc5 12. dxc5 N6d7 13. Ne4 Nc6 14. Nd6 b6 15. Qa4 Nb4 16. Rfd1 Nxc5 17. Bxc5 bxc5 18. Nxf7 Qe8 1/2-1/2

[Event "6.Città di  Padova Open A"]
[Site "Padova Fornace Carotta"]
[Date "2003.12.16"]
[Round "4.3"]
[White "Contini, Davide"]
[Black "Efimov, Igor"]
[Result "0-1"]
[WhiteElo "1860"]
[BlackElo "2497"]
[Annotator "Gabriele Ballarin"]
[PlyCount "72"]
[EventDate "2003.12.13"]
[EventType "swiss"]
[EventRounds "9"]
[EventCountry "ITA"]

1. d4 Nf6 2. Nf3 e6 3. g3 c5 4. c3 b5 5. Bg2 Bb7 6. O-O Be7 7. Re1 O-O 8. Nbd2 d5 9. Ne5 Qb6 10. Ndf3 a5 11. Bg5 Rd8 12. e3 Na6 13. Ng4 Nc7 14. Nfe5 Nce8 15. Qf3 Rdc8 16. Bxf6 Nxf6 17. dxc5 Qd8 18. b4 h5 19. Nxf6+ Bxf6 20. c6 Bxc6 21. Nxc6 Rxc6 22. e4 Rxc3 23. Qxh5 g6 24. Qd1 Rc4 25. exd5 Bxa1 26. dxe6 Qxd1 27. Rxd1 Rac8 28. exf7+ Kg7 29. Rxa1 Rc1+ 30. Rxc1 Rxc1+ 31. Bf1 axb4 32. Kg2 Rc2 33. f8=Q+ Kxf8 34. Bd3 Rxa2 35. Bxg6 b3 36. Bd3 b2 0-1

[Event "6.Città di  Padova Open A"]
[Site "Padova Fornace Carotta"]
[Date "2003.12.16"]
[Round "4.4"]
[White "Naumkin, Igor"]
[Black "Antoniacci, Riccardo"]
[Result "1-0"]
[WhiteElo "2401"]
[BlackElo "2041"]
[Annotator "Gabriele Ballarin"]
[PlyCount "47"]
[EventDate "2003.12.13"]
[EventType "swiss"]
[EventRounds "9"]
[EventCountry "ITA"]

1. d4 f5 2. Nf3 Nf6 3. Bg5 Ne4 4. Bf4 d6 5. e3 Nd7 6. Nbd2 Ndf6 7. Bd3 g6 8. h3 Bg7 9. O-O O-O 10. c3 h6 11. Qc2 Nxd2 12. Nxd2 Nh5 13. Bh2 e5 14. dxe5 dxe5 15. Be2 Qg5 16. Qb3+ Kh7 17. Bxh5 Qxh5 18. Qd5 f4 19. exf4 c6 20. Qc5 Rd8 21. Ne4 Qf5 22. Nd6 Qf8 23. fxe5 Be6 24. f4 1-0

[Event "6.Città di  Padova Open A"]
[Site "Padova Fornace Carotta"]
[Date "2003.12.16"]
[Round "4.6"]
[White "Opacic, Alexandar"]
[Black "Maniero, Riccardo"]
[Result "1-0"]
[WhiteElo "2088"]
[BlackElo "1660"]
[Annotator "Gabriele Ballarin"]
[PlyCount "34"]
[EventDate "2003.12.13"]
[EventType "swiss"]
[EventRounds "9"]
[EventCountry "ITA"]

1. e4 Nc6 2. Nf3 d6 3. Bc4 Nf6 4. d3 Bg4 5. h3 Bh5 6. Nbd2 Na5 7. b4 Nxc4 8. Nxc4 e6 9. Bb2 d5 10. exd5 exd5 11. Nce5 Bxb4+ 12. c3 Bxf3 13. Qa4+ Nd7 14. cxb4 Bh5 15. O-O c6 16. Nxc6 bxc6 17. Bxg7 Nb6 1-0

[Event "6.Città di  Padova Open A"]
[Site "Padova Fornace Carotta"]
[Date "2003.12.16"]
[Round "4.7"]
[White "Cedriano, Filippo"]
[Black "Navarro, Stefano"]
[Result "1/2-1/2"]
[WhiteElo "1825"]
[BlackElo "2128"]
[Annotator "Gabriele Ballarin"]
[PlyCount "63"]
[EventDate "2003.12.13"]
[EventType "swiss"]
[EventRounds "9"]
[EventCountry "ITA"]

1. d4 d5 2. Nf3 e6 3. e3 Nf6 4. Bd3 Bd6 5. Nbd2 Nbd7 6. c4 c6 7. b3 e5 8. dxe5 Nxe5 9. Nxe5 Bxe5 10. Rb1 O-O 11. Bb2 Bxb2 12. Rxb2 dxc4 13. Nxc4 Qe7 14. O-O b5 15. Nd2 Rd8 16. Nf3 Bg4 17. Rd2 a6 18. h3 Bh5 19. Qe2 Nd5 20. Rc1 Nb4 21. Bb1 Rxd2 22. Qxd2 Bxf3 23. gxf3 Rd8 24. Qc3 Qg5+ 25. Kh2 Nd5 26. Qd4 Qe7 27. Rd1 Re8 28. Rg1 g6 29. f4 Qh4 30. Rg3 Nf6 31. Kg2 Nh5 32. Rg5 1/2-1/2

[Event "6.Città di  Padova Open A"]
[Site "Padova Fornace Carotta"]
[Date "2003.12.16"]
[Round "4.8"]
[White "Cardili, Mariano"]
[Black "Rigo, Gianfrancesco"]
[Result "1-0"]
[WhiteElo "1900"]
[BlackElo "2059"]
[Annotator "Gabriele Ballarin"]
[PlyCount "71"]
[EventDate "2003.12.13"]
[EventType "swiss"]
[EventRounds "9"]
[EventCountry "ITA"]

1. d4 Nf6 2. c4 g6 3. Nc3 Bg7 4. e4 d6 5. Nf3 O-O 6. Be2 Nbd7 7. O-O e5 8. Re1 exd4 9. Nxd4 Nc5 10. f3 Nh5 11. Be3 Ne6 12. Qd2 Be5 13. Nxe6 fxe6 14. Bg5 Bf4 15. Bxf4 Nxf4 16. Rad1 Qg5 17. Bf1 Bd7 18. Kh1 Qe5 19. b4 a5 20. b5 g5 21. g3 Ng6 22. Bg2 Rf7 23. Na4 b6 24. Nb2 Qg7 25. Nd3 Ne5 26. Nxe5 Qxe5 27. Re3 Raf8 28. Rde1 h5 29. Qe2 h4 30. gxh4 gxh4 31. Bh3 Rg7 32. Qf2 Qf4 33. Rg1 Rxg1+ 34. Qxg1+ Kh8 35. Bg4 h3 36. e5 {Nur} 1-0

[Event "6.Città di  Padova Open A"]
[Site "Padova Fornace Carotta"]
[Date "2003.12.16"]
[Round "4.9"]
[White "Roberti, Ignazio"]
[Black "Quaranta, Cristiano"]
[Result "0-1"]
[WhiteElo "1990"]
[BlackElo "1942"]
[Annotator "Gabriele Ballarin"]
[PlyCount "90"]
[EventDate "2003.12.13"]
[EventType "swiss"]
[EventRounds "9"]
[EventCountry "ITA"]

1. e4 c5 2. Nf3 Nc6 3. c3 Nf6 4. e5 Nd5 5. d4 e6 6. Be2 cxd4 7. cxd4 d6 8. exd6 Bxd6 9. Nc3 Bc7 10. O-O O-O 11. Re1 a6 12. a3 Ba5 13. Bd2 Bb6 14. Be3 Nxe3 15. fxe3 Qf6 16. Rf1 Rd8 17. Ne5 Qh6 18. Ng4 Qg5 19. Ne4 Qe7 20. Nh6+ gxh6 21. Nf6+ Kg7 22. Bd3 e5 23. Qh5 exd4 24. Rf3 Ne5 25. Rg3+ Kxf6 26. Qxh6+ Ng6 27. Rf1+ Ke6 28. Bc4+ Kd6 29. Rxf7 Qe4 30. Qxh7 Bf5 31. Rxf5 Qxf5 32. Rxg6+ Kc5 33. Rc6+ bxc6 34. Qxf5+ Kxc4 35. Qc2+ Kd5 36. e4+ Kd6 37. Qd3 Re8 38. h3 Re5 39. Qg3 Rae8 40. Kf1 Kd7 41. Qb3 Kc7 42. Qg3 Kb7 43. Qg4 Rxe4 44. Qd7+ Bc7 45. h4 Rf8+ 0-1

[Event "6.Città di  Padova Open A"]
[Site "Padova Fornace Carotta"]
[Date "2003.12.16"]
[Round "4.10"]
[White "Giordan, Daniele"]
[Black "Logallo, Claudio"]
[Result "0-1"]
[WhiteElo "1569"]
[BlackElo "2045"]
[Annotator "Gabriele Ballarin"]
[PlyCount "109"]
[EventDate "2003.12.13"]
[EventType "swiss"]
[EventRounds "9"]
[EventCountry "ITA"]

1. e4 c5 2. Nc3 d6 3. g3 g6 4. Bg2 Bg7 5. Nge2 Nc6 6. d3 e6 7. Be3 Nd4 8. Qc1 Ne7 9. O-O O-O 10. Bg5 f6 11. Bd2 Rb8 12. Nxd4 cxd4 13. Ne2 e5 14. c3 dxc3 15. Bxc3 d5 16. d4 dxe4 17. Bxe4 f5 18. Bg2 e4 19. Rd1 Nd5 20. Bd2 Be6 21. Bh6 Rc8 22. Qd2 Bxh6 23. Qxh6 Rc2 24. Nf4 Bf7 25. Nxd5 Qxd5 26. b3 Rfc8 27. Qe3 R2c3 28. Qe1 Qc6 29. Rd2 Bd5 30. h4 h5 31. Qb1 Qd6 32. Qb2 Qb4 33. Rad1 a5 34. Bf1 e3 35. fxe3 Rxe3 36. Rd3 Rce8 37. Qf2 R3e6 38. Rc1 b6 39. Rdc3 Qd6 40. Bc4 Bxc4 41. Rxc4 Re2 42. Qf4 Qd5 43. Qf1 b5 44. Rc8 Qxd4+ 45. Kh1 Qe4+ 46. Kg1 Qe3+ 47. Kh1 Rxc8 48. Rxc8+ Kh7 49. Rc7+ Kh6 50. Qf4+ Qxf4 51. gxf4 Rxa2 52. Rc5 b4 53. Kg1 a4 54. Rb5 axb3 55. Rxb4 0-1

[Event "6.Città di  Padova Open A"]
[Site "Padova Fornace Carotta"]
[Date "2003.12.16"]
[Round "4.11"]
[White "Rossi, Damiano"]
[Black "Bonetto, Giorgio"]
[Result "1-0"]
[WhiteElo "2027"]
[BlackElo "1540"]
[Annotator "Gabriele Ballarin"]
[PlyCount "45"]
[EventDate "2003.12.13"]
[EventType "swiss"]
[EventRounds "9"]
[EventCountry "ITA"]

1. d4 e6 2. c4 d5 3. Nc3 c6 4. e3 Nf6 5. Nf3 Nbd7 6. Qc2 Be7 7. b3 O-O 8. Bd3 Re8 9. O-O h6 10. Bb2 Qc7 11. Rac1 Bd6 12. cxd5 exd5 13. Nb5 Qb8 14. Nxd6 Qxd6 15. h3 Ne4 16. Ne5 Nxe5 17. dxe5 Qg6 18. f3 Bxh3 19. fxe4 Qg5 20. exd5 Bxg2 21. Qxg2 Qxe3+ 22. Kh1 Qxd3 23. d6 1-0

[Event "6.Città di  Padova Open A"]
[Site "Padova Fornace Carotta"]
[Date "2003.12.16"]
[Round "4.12"]
[White "Canazza, Alessandro"]
[Black "Fragni, Enrico"]
[Result "1/2-1/2"]
[WhiteElo "1594"]
[BlackElo "1447"]
[Annotator "Gabriele Ballarin"]
[PlyCount "90"]
[EventDate "2003.12.13"]
[EventType "swiss"]
[EventRounds "9"]
[EventCountry "ITA"]

1. c4 c6 2. Nc3 d6 3. d4 Qc7 4. e4 e5 5. d5 Nf6 6. Be3 Be7 7. Be2 a6 8. dxc6 bxc6 9. Nf3 Bg4 10. O-O Nbd7 11. h3 Bxf3 12. Bxf3 O-O 13. Qd2 Rfd8 14. Rac1 Rab8 15. b3 Nc5 16. Qc2 Ne6 17. Rfd1 Rd7 18. g3 Qb7 19. Bg2 Bd8 20. Na4 c5 21. Qd2 Nd4 22. f3 Nh5 23. Kh2 Qc8 24. f4 exf4 25. gxf4 Bf6 26. Nc3 Qe8 27. Ne2 Nxe2 28. Qxe2 g6 29. Qg4 Qe6 30. Qxe6 fxe6 31. Bxc5 Nxf4 32. Be3 Be5 33. Kh1 Nxg2 34. Kxg2 Rc7 35. Bd4 Bxd4 36. Rxd4 Rc6 37. Rcd1 Rbb6 38. Rf1 Kg7 39. Rd2 Rb7 40. Rdf2 d5 41. exd5 exd5 42. cxd5 Rd6 43. Rd2 Rb5 44. Rfd1 Kf6 45. Rd4 Ke5 1/2-1/2

[Event "6.Città di  Padova Open A"]
[Site "Padova Fornace Carotta"]
[Date "2003.12.16"]
[Round "4.13"]
[White "Smirnov, Vladimir"]
[Black "Belloni, Umberto"]
[Result "0-1"]
[WhiteElo "1300"]
[BlackElo "1623"]
[Annotator "Gabriele Ballarin"]
[PlyCount "93"]
[EventDate "2003.12.13"]
[EventType "swiss"]
[EventRounds "9"]
[EventCountry "ITA"]

1. e4 e6 2. d4 d5 3. e5 c5 4. c3 Nc6 5. Nf3 cxd4 6. cxd4 Bb4+ 7. Nc3 Qb6 8. a3 Bxc3+ 9. bxc3 Bd7 10. Bd3 Nge7 11. O-O Na5 12. Ra2 Nc4 13. Bc2 h6 14. Bd2 Nc6 15. Bc1 N6a5 16. a4 Qc7 17. Bf4 Rc8 18. Qc1 Qd8 19. Bg3 Qe7 20. Qf4 Nb6 21. Bh4 Qf8 22. Bg3 Nbc4 23. Rd1 Bc6 24. Nd2 Qe7 25. Qf3 h5 26. h4 g5 27. Nxc4 Nxc4 28. a5 gxh4 29. Bh2 Qg5 30. Bf4 Qg4 31. Qxg4 hxg4 32. a6 b6 33. Bg5 Kd7 34. Bf6 Rh5 35. Bb3 Bb5 36. Rd3 Nxe5 37. Re3 Nc4 38. Re1 Rg8 39. Ba4 Bc6 40. Bd1 Rg6 41. Be5 Nxe5 42. dxe5 Bb5 43. f3 gxf3 44. g3 Rxg3+ 45. Kf2 Rg2+ 46. Kxf3 Rg3+ 47. Kf4 0-1

[Event "6.Città di  Padova Open A"]
[Site "Padova Fornace Carotta"]
[Date "2003.12.16"]
[Round "4.14"]
[White "Rizzo, Giuseppe"]
[Black "Cipolotti, Piersilvio"]
[Result "0-1"]
[WhiteElo "1503"]
[BlackElo "1591"]
[Annotator "Gabriele Ballarin"]
[PlyCount "96"]
[EventDate "2003.12.13"]
[EventType "swiss"]
[EventRounds "9"]
[EventCountry "ITA"]

1. e4 Nc6 2. d4 e5 3. d5 Nce7 4. Nc3 Ng6 5. Bd2 Bc5 6. g3 Nf6 7. Bg2 d6 8. h3 Bd7 9. Qe2 a6 10. Nf3 Qe7 11. a3 O-O 12. Nd1 h6 13. b4 Ba7 14. a4 c6 15. c4 cxd5 16. cxd5 Rfc8 17. Nc3 Bb6 18. O-O Qe8 19. Rfc1 Bd8 20. Ne1 b5 21. a5 Rc4 22. Nd3 Rac8 23. Ra3 Nh7 24. f4 exf4 25. gxf4 f6 26. f5 Ne5 27. Nf4 Rxb4 28. Na2 Rbc4 29. Rxc4 Nxc4 30. Rg3 Bxa5 31. Nh5 Bxd2 32. Nxg7 Qe5 33. Nh5+ Ng5 34. h4 Kh7 35. hxg5 Bxg5 36. Nb4 Qa1+ 37. Kh2 Ne5 38. Nd3 Nxd3 39. Rxd3 Rc3 40. Rd1 Rc1 41. Rd3 Qe5+ 42. Ng3 a5 43. Bf3 a4 44. Bh5 Be8 45. Kg2 b4 46. Bg6+ Kh8 47. Bxe8 Qxe8 48. Rf3 b3 0-1

[Event "6.Città di  Padova Open A"]
[Site "Padova Fornace Carotta"]
[Date "2003.12.16"]
[Round "4.15"]
[White "Kircanski, Piergiorgio"]
[Black "Adami, Igor"]
[Result "1/2-1/2"]
[WhiteElo "1500"]
[BlackElo "1500"]
[Annotator "Gabriele Ballarin"]
[PlyCount "78"]
[EventDate "2003.12.13"]
[EventType "swiss"]
[EventRounds "9"]
[EventCountry "ITA"]

1. e4 e5 2. Nf3 Nc6 3. d4 exd4 4. Nxd4 Nxd4 5. Qxd4 d6 6. Nc3 Nf6 7. Bd3 g6 8. Qa4+ c6 9. O-O Bg7 10. Bg5 O-O 11. Qd4 Nxe4 12. Qxg7+ Kxg7 13. Bxd8 Nxc3 14. Bc7 Nb5 15. Bxb5 cxb5 16. Bxd6 Rd8 17. Bf4 Bf5 18. c3 Rd7 19. Be5+ f6 20. Bd4 b4 21. Rad1 bxc3 22. Bxc3 Rad8 23. Rxd7+ Rxd7 24. Re1 Kf7 25. f4 Be6 26. a3 Bb3 27. Kf2 Bc2 28. g3 f5 29. Ke3 Be4 30. Rc1 a6 31. Bd4 Bc6 32. Rc2 Ke6 33. Be5 h6 34. Rf2 Be4 35. Bd4 h5 36. Rd2 Rc7 37. Be5 Rd7 38. Rd4 Rxd4 39. Kxd4 Bc6 1/2-1/2

[Event "6.Città di  Padova Open A"]
[Site "Padova Fornace Carotta"]
[Date "2003.12.17"]
[Round "5.1"]
[White "Manca, Federico"]
[Black "Dervishi, Erald"]
[Result "1/2-1/2"]
[WhiteElo "2363"]
[BlackElo "2495"]
[Annotator "Gabriele Ballarin"]
[PlyCount "22"]
[EventDate "2003.12.13"]
[EventType "swiss"]
[EventRounds "9"]
[EventCountry "ITA"]

1. e4 e5 2. Nf3 Nc6 3. Bb5 a6 4. Ba4 Nf6 5. O-O Be7 6. Re1 b5 7. Bb3 d6 8. c3 O-O 9. h3 Nd7 10. d4 Bf6 11. a4 Bb7 1/2-1/2

[Event "6.Città di  Padova Open A"]
[Site "Padova Fornace Carotta"]
[Date "2003.12.17"]
[Round "5.2"]
[White "Efimov, Igor"]
[Black "Naumkin, Igor"]
[Result "1/2-1/2"]
[WhiteElo "2497"]
[BlackElo "2401"]
[Annotator "Gabriele Ballarin"]
[PlyCount "49"]
[EventDate "2003.12.13"]
[EventType "swiss"]
[EventRounds "9"]
[EventCountry "ITA"]

1. e4 e6 2. d4 d5 3. Nd2 c5 4. Ngf3 a6 5. exd5 exd5 6. Be2 Nf6 7. O-O Be7 8. dxc5 Bxc5 9. Nb3 Ba7 10. Bg5 O-O 11. Qd3 Re8 12. Rad1 Nc6 13. Bh4 h6 14. Rfe1 Bg4 15. c3 Qd6 16. Bg3 Qd7 17. Nfd4 Bxe2 18. Nxe2 Re4 19. Nd2 Re7 20. Nf3 Rae8 21. Kf1 Re4 22. Nd2 R4e6 23. Nf3 Re4 24. Nd2 R4e6 25. Nf3 1/2-1/2

[Event "6.Città di  Padova Open A"]
[Site "Padova Fornace Carotta"]
[Date "2003.12.17"]
[Round "5.3"]
[White "Lazic, Miroljub"]
[Black "Laketic, Gojko"]
[Result "1/2-1/2"]
[WhiteElo "2479"]
[BlackElo "2399"]
[Annotator "Gabriele Ballarin"]
[PlyCount "28"]
[EventDate "2003.12.13"]
[EventType "swiss"]
[EventRounds "9"]
[EventCountry "ITA"]

1. e4 c5 2. Nf3 Nc6 3. d4 cxd4 4. Nxd4 g6 5. c4 Bg7 6. Be3 Nf6 7. Nc3 O-O 8. Be2 d6 9. O-O Bd7 10. Qc2 Nxd4 11. Bxd4 Bc6 12. f3 Nd7 13. Bxg7 Kxg7 14. Rfd1 Ne5 1/2-1/2

[Event "6.Città di  Padova Open A"]
[Site "Padova Fornace Carotta"]
[Date "2003.12.17"]
[Round "5.4"]
[White "Quaranta, Cristiano"]
[Black "Sartori, Spartaco"]
[Result "1/2-1/2"]
[WhiteElo "1942"]
[BlackElo "2177"]
[Annotator "Gabriele Ballarin"]
[PlyCount "54"]
[EventDate "2003.12.13"]
[EventType "swiss"]
[EventRounds "9"]
[EventCountry "ITA"]

1. d4 e6 2. Nf3 Nf6 3. Nbd2 c5 4. e3 b6 5. Bd3 Bb7 6. O-O Be7 7. c3 O-O 8. Qe2 Nc6 9. e4 cxd4 10. cxd4 Nb4 11. Bb5 Bc6 12. Bxc6 Nxc6 13. e5 Nd5 14. Ne4 Rc8 15. Bd2 b5 16. Rac1 Qb6 17. Be3 f5 18. exf6 Bxf6 19. Nxf6+ gxf6 20. Bh6 Rf7 21. Rc5 Rb8 22. Rfc1 Nce7 23. Nd2 a6 24. Qg4+ Kh8 25. Qh5 Kg8 26. Qg4+ Kh8 27. Qh5 Kg8 1/2-1/2

[Event "6.Città di  Padova Open A"]
[Site "Padova Fornace Carotta"]
[Date "2003.12.17"]
[Round "5.5"]
[White "Cardili, Mariano"]
[Black "Opacic, Alexandar"]
[Result "1/2-1/2"]
[WhiteElo "1900"]
[BlackElo "2088"]
[Annotator "Gabriele Ballarin"]
[PlyCount "100"]
[EventDate "2003.12.13"]
[EventType "swiss"]
[EventRounds "9"]
[EventCountry "ITA"]

1. d4 d5 2. c4 e6 3. Nc3 Nf6 4. Bg5 Be7 5. e3 O-O 6. Nf3 c6 7. Rc1 Nbd7 8. Bd3 Re8 9. O-O h6 10. Bh4 Bf8 11. Ne5 Be7 12. f4 dxc4 13. Bxc4 c5 14. Bxf6 Nxf6 15. d5 exd5 16. Nxd5 Be6 17. Nxf6+ Bxf6 18. Bxe6 Rxe6 19. Rxc5 Qb6 20. Qd4 Rd8 21. Qc3 Rde8 22. Rd1 R6e7 23. a4 Qe6 24. b4 b6 25. Rc7 Bxe5 26. fxe5 Rxc7 27. Qxc7 Re7 28. Qd8+ Kh7 29. Qd6 Qxe5 30. Qxe5 Rxe5 31. Rd7 a5 32. Rb7 axb4 33. Rxb6 Rxe3 34. Rxb4 Ra3 35. Kf2 f6 36. Ke2 Kg6 37. h3 f5 38. Rc4 Kg5 39. Rb4 g6 40. Kf2 Kh5 41. g3 g5 42. Rc4 Ra2+ 43. Kg1 Kg6 44. Rb4 Kf6 45. h4 Kg6 46. Kh1 Kh5 47. Kg1 Rc2 48. Kh1 f4 49. hxg5 hxg5 50. gxf4 g4 1/2-1/2

[Event "6.Città di  Padova Open A"]
[Site "Padova Fornace Carotta"]
[Date "2003.12.17"]
[Round "5.6"]
[White "Navarro, Emanuele"]
[Black "Contini, Davide"]
[Result "1/2-1/2"]
[WhiteElo "2178"]
[BlackElo "1860"]
[Annotator "Gabriele Ballarin"]
[PlyCount "131"]
[EventDate "2003.12.13"]
[EventType "swiss"]
[EventRounds "9"]
[EventCountry "ITA"]

1. e4 e5 2. Nf3 Nc6 3. d4 exd4 4. Bc4 Nf6 5. O-O Be7 6. e5 Ng4 7. Re1 d5 8. Bb5 Bd7 9. Bxc6 bxc6 10. Qxd4 Be6 11. Nc3 h5 12. Qa4 Qd7 13. h3 Nh6 14. Bg5 Nf5 15. Rad1 O-O 16. Bxe7 Nxe7 17. Qh4 g6 18. Ne4 Nf5 19. Nf6+ Kg7 20. Nxd7 Nxh4 21. Nxf8 Nxf3+ 22. gxf3 Kxf8 23. Kg2 Rb8 24. b3 c5 25. c3 a5 26. h4 c6 27. Kg3 Bf5 28. Re2 Ke7 29. Kf4 Ke6 30. Rb2 Rb7 31. a3 c4 32. b4 a4 33. b5 cxb5 34. Rdd2 Bd3 35. Rb4 Kd7 36. Ke3 Kc6 37. Rxd3 cxd3 38. Kxd3 Kc5 39. Rb1 Rd7 40. Rb4 Rb7 41. f4 Re7 42. Rb1 Re6 43. Rg1 Re8 44. f3 Re7 45. Re1 Re8 46. Re2 Re6 47. Rg2 Re8 48. f5 Rxe5 49. fxg6 fxg6 50. Rxg6 Rf5 51. Ke3 Kc4 52. Rg5 Rf8 53. Rxh5 Kxc3 54. Rxd5 Re8+ 55. Kf4 Kc4 56. Rd7 Rf8+ 57. Kg4 Rg8+ 58. Kf4 Rf8+ 59. Ke3 Re8+ 60. Kd2 Rh8 61. Rg7 Kb3 62. Rg5 Kxa3 63. Rxb5 Rxh4 64. Kc3 Rf4 65. Rb8 Rxf3+ 66. Kc2 1/2-1/2

[Event "6.Città di  Padova Open A"]
[Site "Padova Fornace Carotta"]
[Date "2003.12.17"]
[Round "5.7"]
[White "Navarro, Stefano"]
[Black "Rossi, Damiano"]
[Result "1/2-1/2"]
[WhiteElo "2128"]
[BlackElo "2027"]
[Annotator "Gabriele Ballarin"]
[PlyCount "46"]
[EventDate "2003.12.13"]
[EventType "swiss"]
[EventRounds "9"]
[EventCountry "ITA"]

1. e4 e6 2. d3 d5 3. Nd2 c5 4. Ngf3 Nc6 5. g3 Bd6 6. Bg2 Nge7 7. O-O O-O 8. Re1 Ng6 9. h4 Rb8 10. Nf1 b5 11. N1h2 Bb7 12. Ng5 h6 13. Ngf3 dxe4 14. dxe4 Nge5 15. Qe2 Qb6 16. c3 b4 17. Rd1 Ba6 18. Qc2 Rfd8 19. Nxe5 Nxe5 20. Nf3 Ng4 21. Bh3 Ne5 22. Bg2 Ng4 23. Bh3 Ne5 1/2-1/2

[Event "6.Città di  Padova Open A"]
[Site "Padova Fornace Carotta"]
[Date "2003.12.17"]
[Round "5.8"]
[White "Logallo, Claudio"]
[Black "Cedriano, Filippo"]
[Result "1/2-1/2"]
[WhiteElo "2045"]
[BlackElo "1825"]
[Annotator "Gabriele Ballarin"]
[PlyCount "103"]
[EventDate "2003.12.13"]
[EventType "swiss"]
[EventRounds "9"]
[EventCountry "ITA"]

1. e4 c6 2. d4 d5 3. exd5 cxd5 4. Bd3 Nf6 5. c3 Nc6 6. Bf4 Qb6 7. b4 Bg4 8. f3 Bh5 9. Ne2 e6 10. Nd2 Ne7 11. a4 Bg6 12. Bb5+ Nc6 13. O-O a6 14. Bxc6+ bxc6 15. Nb3 Qd8 16. Nec1 Bd6 17. Bxd6 Qxd6 18. Nd3 Bxd3 19. Qxd3 O-O 20. Rae1 Nd7 21. f4 Nb6 22. a5 Nd7 23. Re3 Rfe8 24. Rh3 g6 25. Qg3 Qe7 26. Nd2 Nf6 27. Qf3 h5 28. Qd3 Kg7 29. Nf3 Ne4 30. Nd2 Nxd2 31. Qxd2 Rh8 32. Qd3 Qf6 33. Re3 Rhe8 34. g3 Qf5 35. Qe2 Qg4 36. Ref3 Qf5 37. Re3 Qg4 38. Qg2 Qf5 39. Rd1 Qg4 40. Rd2 Qf5 41. Qf1 f6 42. h3 g5 43. fxg5 Qxg5 44. Qf4 Qxf4 45. gxf4 Kf7 46. Rde2 f5 47. Rg3 Rg8 48. Reg2 Rxg3 49. Rxg3 Rg8 50. Rxg8 Kxg8 51. Kf2 Kf7 52. Kg3 1/2-1/2